Código Municipal [de Coahuila], Código Financiero, Ley General del Catastro y la Información Territorial /

Uloženo v:
Podrobná bibliografie
Korporativní autor: Coahuila
Médium: Kniha
Jazyk:španělština
Témata:
Tagy: Přidat tag
Žádné tagy, Buďte první, kdo vytvoří štítek k tomuto záznamu!

MARC

LEADER 00000nam^a2200000^a^4500
001 000106607
005 20250521000000.0
009 20260310093541.659
037 |a Acervo ITESO - Biblioteca 
041 |a ESP 
082 |a 348. 7214  |b COA V. 6 
110 |a Coahuila 
240 1 1 |a [Leyes, etc.] 
245 1 0 |a Código Municipal [de Coahuila], Código Financiero, Ley General del Catastro y la Información Territorial / 
264 |a Saltillo, México :  |b Gobierno del Estado de Coahuila, Secretaría de Gobierno,  |c fecha no identificada 
300 |a 386 p. 
336 |a texto  |b txt  |2 rdacontenido 
337 |a sin mediación  |b n  |2 rdamedio 
338 |a volumen  |b nc  |2 rdasoporte 
649 |a XX 
650 |a Municipios -  |z Coahuila 
650 |a Derecho Financiero -  |z Coahuila -  |x Leyes y Reglamentos 
650 |a Catastros -  |z Coahuila -  |x Leyes y Reglamentos 
650 |a Derecho Municipal -  |z Coahuila 
650 |a Derecho Público -  |z Coahuila 
910 |a Fondo General 
920 |a Impresos - Libros 
930 |a Colección General 
905 |a 101 
901 |a 0500042629  |b IT1  |c ACC  |u 20250521 
902 |a https://opac.biblio.iteso.mx/vufind/Record/000106607